Najpopularniejsi polscy youtuberzy 2020 - Statystyki

Ogólne statystyki
  • Ten quiz został rozwiązany 556 razy
  • Średni wynik to 7 z 15
Statystyki odpowiedzi
ODPOWIEDZI % Poprawnych
6 Friz
95%
1 Blowek
94%
2 Stuu
81%
3 reZigiusz
71%
11 5 sposobów na
60%
4 SA Wardęga
49%
7 Naruciak
47%
5 AbstrachujeTV
34%
12 isAmU
34%
10 Gimper
28%
13 kamerzysta
27%
9 Planeta Faktów
26%
8 DISCO MAREK
20%
14 karolek
19%
15 beksy
11%
Nie znaleziono quizów pasujących do podanych kryteriów
Rozkład punktacji
Procent ludzi z każdym wynikiem
Percentyl według liczby udzielonych odpowiedzi
Twoja historia wyników
Nie rozwiązałeś tego quizu